[Event "PRO League Group Stage"]
[Site "chess.com INT"]
[Date "2019.01.22"]
[Round "3"]
[White "Moranda, Wojciech"]
[Black "Katz, Alexander"]
[Result "1-0"]
[WhiteTitle "GM"]
[BlackTitle "IM"]
[WhiteElo "2593"]
[BlackElo "2433"]
[WhiteTeam "New York Marshalls"]
[BlackTeam "Miami Champions"]
[WhiteFideId "1122401"]
[BlackFideId "2039796"]
[EventDate "2019.01.08"]

1. c4 Nf6 2. Nc3 e6 3. e4 d5 4. cxd5 exd5 5. e5 Ne4 6. Nf3 Nxc3 7. bxc3 Be7 8.
d4 O-O 9. Bd3 c5 10. O-O Nc6 11. h3 Be6 12. Be3 cxd4 13. cxd4 Qd7 14. Qb1 h6 15.
Nh2 f5 16. exf6 Bxf6 17. Nf3 Kh8 18. Qd1 Rae8 19. Re1 g5 20. Rb1 Qg7 21. Ne5
Nxe5 22. dxe5 Bxe5 23. Bc5 g4 24. Rxb7 Qxb7 25. Rxe5 Rf4 26. Qe1 Qf7 27. h4 Bd7
28. h5 Rxe5 29. Qxe5+ Qf6 30. Qb8+ Kg7 31. Be3 Re4 32. Bxe4 dxe4 33. Qc7 Qa1+
34. Kh2 Qd1 35. Kg3 Qd5 36. Qf4 Qe6 37. Bd4+ Kh7 38. Qc7 Kg8 39. Qd8+ Kf7 40.
Qh8 Qf5 41. Qxh6 a5 42. Qg7+ Ke6 43. h6 Qh5 44. h7 Qb5 45. Qe5+ Qxe5+ 46. Bxe5 1-0

[Event "PRO League Group Stage"]
[Site "chess.com INT"]
[Date "2019.01.22"]
[Round "3"]
[White "Azarov, Sergei"]
[Black "Gulamali, Kazim"]
[Result "1-0"]
[WhiteTitle "GM"]
[BlackTitle "FM"]
[WhiteElo "2575"]
[BlackElo "2308"]
[WhiteTeam "New York Marshalls"]
[BlackTeam "Miami Champions"]
[WhiteFideId "13501470"]
[BlackFideId "2024764"]
[EventDate "2019.01.08"]

1. e4 d6 2. d4 Nf6 3. Nc3 g6 4. Nf3 Bg7 5. Be2 O-O 6. O-O Nc6 7. d5 Nb8 8. h3 c6
9. Re1 b6 10. Bg5 Bb7 11. Nd4 a6 12. a4 cxd5 13. exd5 Nbd7 14. Bf1 Re8 15. Nc6
Bxc6 16. dxc6 Ne5 17. Bxf6 exf6 18. Nd5 Ra7 19. c7 Qc8 20. f4 Nc6 21. Nxb6 Rxe1
22. Nxc8 Rxd1 23. Nxa7 1-0

[Event "PRO League Group Stage"]
[Site "chess.com INT"]
[Date "2019.01.22"]
[Round "3"]
[White "Iturrizaga Bonelli, Eduardo"]
[Black "Bykhovsky, Anatoly"]
[Result "1-0"]
[WhiteTitle "GM"]
[BlackTitle "GM"]
[WhiteElo "2637"]
[BlackElo "2496"]
[WhiteTeam "Miami Champions"]
[BlackTeam "New York Marshalls"]
[WhiteFideId "3901211"]
[BlackFideId "2806991"]
[EventDate "2019.01.08"]

1. Nf3 Nf6 2. c4 c5 3. Nc3 d5 4. cxd5 Nxd5 5. Qb3 Nb6 6. Ne5 e6 7. g3 Bd6 8.
Qb5+ N8d7 9. Nf3 O-O 10. Bg2 Nf6 11. O-O Bd7 12. Qb3 Bc6 13. d3 Rc8 14. Rd1 e5
15. Bg5 h6 16. Bxf6 Qxf6 17. Nd2 Bxg2 18. Kxg2 Rfd8 19. Nc4 Bf8 20. a4 Rb8 21.
Nxb6 axb6 22. Nd5 Qe6 23. e4 Rd6 24. Qc4 h5 25. h4 Rbd8 26. Ra3 Kh8 27. Re1 g6
28. Rb3 f5 29. a5 f4 30. Rxb6 Qg4 31. Rxd6 Bxd6 32. Nf6 1-0

[Event "PRO League Group Stage"]
[Site "chess.com INT"]
[Date "2019.01.22"]
[Round "3"]
[White "Gao, Rui"]
[Black "Jacobson, Aaron"]
[Result "1/2-1/2"]
[WhiteTitle "GM"]
[BlackTitle "FM"]
[WhiteElo "2543"]
[BlackElo "2286"]
[WhiteTeam "Miami Champions"]
[BlackTeam "New York Marshalls"]
[WhiteFideId "8602387"]
[BlackFideId "2089912"]
[EventDate "2019.01.08"]

1. e4 e6 2. d4 d5 3. Nd2 c5 4. Ngf3 Nc6 5. exd5 exd5 6. Bb5 Qe7+ 7. Be2 Qc7 8.
O-O Nf6 9. Re1 Be6 10. Bf1 Be7 11. dxc5 Bxc5 12. Nb3 Bb6 13. Be3 Bxe3 14. Rxe3
O-O 15. Nfd4 Rae8 16. h3 Bc8 17. Rxe8 Rxe8 18. c3 Ne4 19. Nxc6 bxc6 20. Qd4 Be6
21. Nc5 Nxc5 22. Qxc5 Qb6 23. Qxb6 axb6 24. f4 Bf5 25. Kf2 Kf8 26. g4 Be4 27. a4
Ra8 28. b4 Ke7 29. c4 Kd7 30. Ke3 f5 31. Kd4 dxc4 32. Bxc4 b5 33. Bb3 bxa4 34.
Rxa4 Rxa4 35. Bxa4 Kd6 36. g5 Bd5 37. Bc2 g6 38. h4 Be6 39. Bd3 Bf7 40. Be2 Be6
41. h5 Bf7 42. h6 Be6 43. Bd3 Bf7 44. Be2 Be6 45. Ba6 Bf7 46. Bc8 Be6 47. Bb7
Bf7 48. Ba6 Be6 49. Bd3 Bf7 50. Bc2 Be6 51. Ba4 Bd5 52. Bd1 Be6 53. Bf3 Bd7 54.
Bg2 Be8 55. Bf1 Bf7 56. Ba6 Be6 57. Bb7 Bd7 58. Kc4 Be6+ 59. Kd4 Bd7 60. Ba6 Be6
61. Bd3 Bf7 62. Be2 Be6 63. Bf3 Bd7 64. Bg2 Be8 65. Bh1 Bd7 66. Bf3 Be8 67. Be2
Bf7 68. Ba6 Be6 69. Bd3 Bf7 70. Bc2 Be6 71. Bd1 Bf7 72. Bf3 Be8 73. Bg2 Bd7 74.
Bf1 Be6 1/2-1/2

[Event "PRO League Group Stage"]
[Site "chess.com INT"]
[Date "2019.01.22"]
[Round "3"]
[White "Guseinov, Gadir"]
[Black "Shabalov, Alexander"]
[Result "0-1"]
[WhiteTitle "GM"]
[BlackTitle "GM"]
[WhiteElo "2664"]
[BlackElo "2529"]
[WhiteTeam "Montclair Sopranos"]
[BlackTeam "Pittsburgh Pawngrabbers"]
[WhiteFideId "13401378"]
[BlackFideId "2008572"]
[EventDate "2019.01.08"]

1. e4 c5 2. Nc3 e6 3. Nf3 Nc6 4. d4 cxd4 5. Nxd4 Qc7 6. Be3 a6 7. Qd2 Be7 8. f4
b5 9. O-O-O Bb7 10. Kb1 b4 11. Na4 Nf6 12. Bd3 O-O 13. Nb3 Na5 14. Nxa5 Qxa5 15.
Nb6 Nxe4 16. Bxe4 Bxe4 17. Nxa8 Rxa8 18. Qxd7 Bf6 19. Rhe1 Rd8 20. Qa7 Bxc2+ 21.
Kxc2 b3+ 22. axb3 Qf5+ 23. Kc1 Rc8+ 24. Bc5 Rxc5+ 25. Kd2 Qxf4+ 26. Re3 Qd4+ 27.
Ke2 Rc2+ 0-1

[Event "PRO League Group Stage"]
[Site "chess.com INT"]
[Date "2019.01.22"]
[Round "3"]
[White "Sevian, Samuel"]
[Black "Yu, Jennifer"]
[Result "1-0"]
[WhiteTitle "GM"]
[BlackTitle "FM"]
[WhiteElo "2647"]
[BlackElo "2313"]
[WhiteTeam "Montclair Sopranos"]
[BlackTeam "Pittsburgh Pawngrabbers"]
[WhiteFideId "2040506"]
[BlackFideId "2078341"]
[EventDate "2019.01.08"]

1. c4 c5 2. Nc3 Nf6 3. Nf3 Nc6 4. e3 e6 5. d4 cxd4 6. exd4 d5 7. Bd3 Be7 8. O-O
dxc4 9. Bxc4 O-O 10. Re1 Nb4 11. Ne5 Nbd5 12. Bg5 Nxc3 13. bxc3 Nd5 14. Bd2 Bd7
15. Bd3 Rc8 16. c4 Nf6 17. Rb1 b6 18. Qf3 Qc7 19. Qh3 g6 20. Bg5 Qd8 21. Bh6 Re8
22. Qf3 Rc7 23. Qf4 Bc8 24. Rbd1 Bb7 25. h4 Bb4 26. Bg5 Be7 27. h5 Rf8 28. hxg6
fxg6 29. Bh6 Nh5 30. Qg4 Rf6 31. Nxg6 hxg6 32. Bxg6 Ng7 33. Bh7+ Kf7 34. Qxg7+
Ke8 35. Bg5 Rf7 36. Bg6 Bxg5 37. Rxe6+ Kd7 38. Qxf7+ Kc8 39. Qf5 Kb8 40. Re8 1-0

[Event "PRO League Group Stage"]
[Site "chess.com INT"]
[Date "2019.01.22"]
[Round "3"]
[White "Postny, Evgeny"]
[Black "Lenderman, Aleksandr"]
[Result "0-1"]
[WhiteTitle "GM"]
[BlackTitle "GM"]
[WhiteElo "2623"]
[BlackElo "2637"]
[WhiteTeam "Pittsburgh Pawngrabbers"]
[BlackTeam "Montclair Sopranos"]
[WhiteFideId "2804344"]
[BlackFideId "2021285"]
[EventDate "2019.01.08"]

1. d4 e6 2. c4 b6 3. a3 Bb7 4. Nc3 f5 5. d5 Nf6 6. g3 Bd6 7. Bg2 O-O 8. Nf3 a5
9. O-O Na6 10. Nb5 Nc5 11. Nxd6 cxd6 12. Nd4 Qe7 13. Nb5 e5 14. b3 a4 15. b4 Nb3
16. Rb1 Rfc8 17. Rxb3 axb3 18. Qxb3 Ba6 19. Be3 Bxb5 20. cxb5 Qd8 21. a4 Qc7 22.
Rb1 Ng4 23. Rc1 Qd8 24. Rxc8 Rxc8 25. Bd2 e4 26. Bh3 Qf6 27. Bxg4 fxg4 28. Be3
Qa1+ 29. Kg2 Rc3 30. Bd4 Rxb3 31. Bxa1 Rxb4 32. Bc3 Rxa4 33. Bd2 Rd4 34. Be3
Rxd5 35. Bxb6 Rxb5 36. Bd4 Rb3 37. h3 h5 38. hxg4 hxg4 39. e3 Rb1 0-1

[Event "PRO League Group Stage"]
[Site "chess.com INT"]
[Date "2019.01.22"]
[Round "3"]
[White "Liang, Awonder"]
[Black "Smith, Daniel"]
[Result "1-0"]
[WhiteTitle "GM"]
[WhiteElo "2589"]
[BlackElo "2047"]
[WhiteTeam "Pittsburgh Pawngrabbers"]
[BlackTeam "Montclair Sopranos"]
[WhiteFideId "2056437"]
[BlackFideId "2024195"]
[EventDate "2019.01.08"]

1. e4 c6 2. Nf3 d5 3. Nc3 Bg4 4. h3 Bxf3 5. Qxf3 e6 6. Be2 Nd7 7. O-O Ngf6 8. d3
Bd6 9. g3 O-O 10. Qg2 d4 11. Nb1 e5 12. f4 Qc7 13. f5 b5 14. a4 a6 15. g4 c5 16.
g5 Ne8 17. axb5 a5 18. Na3 Qb7 19. Bd2 a4 20. g6 Nc7 21. gxh7+ Kxh7 22. Kh1 Rfb8
23. Rg1 Bf8 24. Bh5 Kg8 25. Bh6 g6 26. Bxf8 Nxf8 27. fxg6 f6 28. g7 Nfe6 29. Qg6
Ne8 30. Bg4 Nf4 31. Qh6 Nxg7 32. Bf5 Ra7 33. Qh7+ Kf8 34. Qh8+ 1-0

[Event "PRO League Group Stage"]
[Site "chess.com INT"]
[Date "2019.01.22"]
[Round "3"]
[White "Saric, Ivan"]
[Black "Ali Marandi, Cemil Can"]
[Result "1-0"]
[WhiteTitle "GM"]
[BlackTitle "GM"]
[WhiteElo "2690"]
[BlackElo "2530"]
[WhiteTeam "Montreal Chessbrahs"]
[BlackTeam "Saint Louis Arch Bishops"]
[WhiteFideId "14508150"]
[BlackFideId "6300529"]
[EventDate "2019.01.08"]

1. e4 e5 2. Nf3 Nc6 3. Bb5 f5 4. Nc3 fxe4 5. Nxe4 Nf6 6. Nxf6+ Qxf6 7. Qe2 Be7
8. Bxc6 bxc6 9. Qxe5 d6 10. Qxf6 Bxf6 11. d4 Rb8 12. b3 c5 13. Be3 Bg4 14. O-O-O
Bxf3 15. gxf3 cxd4 16. Bxd4 Bxd4 17. Rxd4 O-O 18. f4 c5 19. Rxd6 Rxf4 20. Rd7
Rxf2 21. Rxa7 c4 22. bxc4 Rf4 23. Rg1 g6 24. Rc7 Ra8 25. Rd1 Rf2 26. Rd2 Rf5 27.
c5 h5 28. c6 g5 29. Rdd7 g4 30. Rg7+ Kf8 31. Rh7 Kg8 32. Rcg7+ Kf8 33. Rb7 Kg8
34. c7 Rc8 35. Rxh5 Rxh5 36. Rb8 Kg7 37. Rxc8 Rc5 38. a4 1-0

[Event "PRO League Group Stage"]
[Site "chess.com INT"]
[Date "2019.01.22"]
[Round "3"]
[White "Hansen, Eric"]
[Black "Bloomer, Josh"]
[Result "1-0"]
[WhiteTitle "GM"]
[WhiteElo "2615"]
[BlackElo "1950"]
[WhiteTeam "Montreal Chessbrahs"]
[BlackTeam "Saint Louis Arch Bishops"]
[WhiteFideId "2606771"]
[BlackFideId "2020416"]
[EventDate "2019.01.08"]

1. e4 e5 2. Nf3 Nc6 3. Bb5 a6 4. Ba4 Nf6 5. O-O Nxe4 6. d4 Be7 7. Qe2 b5 8. Bb3
d5 9. dxe5 Be6 10. Rd1 O-O 11. Nbd2 Nc5 12. c3 Nxb3 13. Nxb3 Qd7 14. Nfd4 Nxd4
15. cxd4 a5 16. Be3 a4 17. Nc1 Bf5 18. Nd3 Bxd3 19. Qxd3 Rac8 20. Rac1 f5 21. f4
c6 22. Rc2 Rc7 23. Rdc1 Rfc8 24. g3 g6 25. Kg2 Kh8 26. h3 Qe6 27. Bd2 Ra7 28.
Qe2 Ra6 29. Qe1 Rf8 30. Bb4 Bxb4 31. Qxb4 Rd8 32. Rc5 Kg8 33. Qc3 Rc8 34. Rxb5 1-0

[Event "PRO League Group Stage"]
[Site "chess.com INT"]
[Date "2019.01.22"]
[Round "3"]
[White "Caruana, Fabiano"]
[Black "Thavandiran, Shiyam"]
[Result "1-0"]
[WhiteTitle "GM"]
[BlackTitle "IM"]
[WhiteElo "2828"]
[BlackElo "2410"]
[WhiteTeam "Saint Louis Arch Bishops"]
[BlackTeam "Montreal Chessbrahs"]
[WhiteFideId "2020009"]
[BlackFideId "2605058"]
[EventDate "2019.01.08"]

1. e4 c6 2. d4 d5 3. exd5 cxd5 4. Bd3 Nf6 5. c3 Bg4 6. Ne2 Nc6 7. O-O e6 8. Qb3
Qd7 9. Nf4 Bd6 10. h3 Bh5 11. Nxh5 Nxh5 12. Re1 O-O 13. Qd1 Nf4 14. Bc2 Rae8 15.
h4 e5 16. Bxf4 exf4 17. Rxe8 Rxe8 18. Nd2 Qe7 19. Qh5 g6 20. Qxd5 Qxh4 21. Bb3
Re7 22. Qxd6 Re2 23. g3 fxg3 24. Nf3 gxf2+ 25. Kf1 Qe4 26. Qf6 Nd8 27. Qxd8+ Kg7
28. Qd5 Qd3 29. Qxf7+ Kh6 30. Bc4 Re1+ 31. Kxf2 Qe3+ 32. Kg2 Rxa1 33. Qf8+ Kh5
34. Qg7 h6 35. Qxb7 Rb1 36. Qd5+ Kg4 37. Qd7+ Kf4 38. Qf7+ 1-0

[Event "PRO League Group Stage"]
[Site "chess.com INT"]
[Date "2019.01.22"]
[Round "3"]
[White "So, Wesley"]
[Black "Rodrigue-Lemieux, Shawn"]
[Result "1-0"]
[WhiteTitle "GM"]
[BlackTitle "FM"]
[WhiteElo "2765"]
[BlackElo "2293"]
[WhiteTeam "Saint Louis Arch Bishops"]
[BlackTeam "Montreal Chessbrahs"]
[WhiteFideId "5202213"]
[BlackFideId "2620049"]
[EventDate "2019.01.08"]

1. c4 Nf6 2. Nc3 e6 3. d4 Bb4 4. Nf3 d5 5. cxd5 exd5 6. Qa4+ Nc6 7. Bg5 h6 8.
Bxf6 Qxf6 9. e3 O-O 10. Be2 Be6 11. O-O a6 12. Rfc1 Bd6 13. Qd1 Ne7 14. a3 Ng6
15. b4 Rfe8 16. g3 c6 17. Ne1 Qg5 18. Na4 Bh3 19. Nc5 Re7 20. Nf3 Qf6 21. Nd2
Qg5 22. Rc3 Rae8 23. Rac1 Nh4 24. Nf3 Nxf3+ 25. Bxf3 f5 26. Nd3 Bg4 27. a4 Bxf3
28. Qxf3 h5 29. b5 axb5 30. axb5 Rxe3 31. fxe3 Rxe3 32. Qf2 Rxd3 33. bxc6 bxc6
34. Rxd3 Qxc1+ 35. Kg2 g6 36. Qe2 Kf7 37. Rb3 Be7 38. Rb7 Qg5 39. Qe5 Qd2+ 40.
Kh3 Qg5 41. Rc7 Qg4+ 42. Kg2 Qe4+ 43. Qxe4 fxe4 44. Kf2 Ke6 45. Rxc6+ Bd6 46.
Ra6 Kd7 47. Ke3 Ke6 48. Rb6 Kd7 49. Ra6 Ke6 50. Rb6 Kd7 51. Rb7+ Ke6 52. Rg7 Kf6
53. Rd7 Ke6 54. Ra7 Be7 55. Ra6+ Kf5 56. Ra5 Bg5+ 57. Ke2 Ke6 58. h3 Be7 59. g4
hxg4 60. hxg4 Bd6 61. Ra6 Kd7 62. Kd2 Bf4+ 63. Kc3 Bd6 64. Rb6 Kc7 65. Rb5 Kc6
66. Ra5 Bc7 67. Ra6+ Bb6 68. Ra8 Bc7 69. Rg8 Ba5+ 70. Kb3 Bd2 71. Rxg6+ Kd7 72.
Kc2 Bf4 73. Rf6 Be3 74. Kc3 Ke7 75. Rf5 Ke6 76. Re5+ Kd6 77. g5 Bf4 78. Rf5 Be3
79. g6 Bh6 80. Rf6+ Ke7 81. Rf7+ Ke6 82. Rh7 1-0

[Event "PRO League Group Stage"]
[Site "chess.com INT"]
[Date "2019.01.23"]
[Round "3"]
[White "Robson, Ray"]
[Black "Movsesian, Sergei"]
[Result "1-0"]
[WhiteTitle "GM"]
[BlackTitle "GM"]
[WhiteElo "2667"]
[BlackElo "2629"]
[WhiteTeam "Webster Windmills"]
[BlackTeam "London Lions"]
[WhiteFideId "2023970"]
[BlackFideId "310204"]
[EventDate "2019.01.08"]

1. e4 c5 2. Nf3 e6 3. d4 cxd4 4. Nxd4 Nc6 5. Nc3 a6 6. g3 d6 7. Bg2 Bd7 8. O-O
Be7 9. a4 Nf6 10. Nxc6 Bxc6 11. a5 O-O 12. Be3 Nd7 13. Qe2 Qc7 14. Rfd1 Rae8 15.
Bd4 Ne5 16. b3 h6 17. Bb6 Qc8 18. Na4 f5 19. f4 Ng6 20. Bf2 e5 21. Qc4+ Kh7 22.
Nb6 Qd8 23. exf5 Rxf5 24. Bh3 Rff8 25. f5 Nh8 26. Nd5 Nf7 27. Bg2 Kh8 28. Be3
Bg5 29. Qe2 e4 30. c4 Bxe3+ 31. Qxe3 Re5 32. Nf4 Rxf5 33. Ng6+ Kg8 34. Nxf8 Qxf8
35. Rf1 Ng5 36. Rxf5 Qxf5 37. Rd1 Qxa5 38. Rxd6 Qa1+ 39. Kf2 Qb2+ 40. Rd2 Qf6+
41. Kg1 Qe7 42. h4 Nf7 43. Qf4 Ne5 44. Re2 Nd3 45. Qf5 Qd6 46. Kh2 Nc1 47. Re1
Nxb3 48. Qc8+ Kh7 49. Qf5+ Kg8 50. Qc8+ Kh7 51. Bxe4+ Bxe4 52. Rxe4 Nc5 53. Qf5+
g6 54. Qf7+ 1-0

[Event "PRO League Group Stage"]
[Site "chess.com INT"]
[Date "2019.01.22"]
[Round "3"]
[White "Durarbayli, Vasif"]
[Black "Tan, Justin2"]
[Result "1-0"]
[WhiteTitle "GM"]
[BlackTitle "GM"]
[WhiteElo "2620"]
[BlackElo "2502"]
[WhiteTeam "Webster Windmills"]
[BlackTeam "London Lions"]
[WhiteFideId "13402935"]
[BlackFideId "3206882"]
[EventDate "2019.01.08"]

1. e4 e5 2. Nf3 Nc6 3. Bb5 a6 4. Ba4 Nf6 5. d3 d6 6. c3 g6 7. O-O Bg7 8. Re1 O-O
9. h3 b5 10. Bc2 Bb7 11. Be3 d5 12. Nbd2 d4 13. cxd4 Nxd4 14. Nxd4 exd4 15. Bf4
c5 16. a4 Qb6 17. Qf3 Nd7 18. Qg3 Rfe8 19. h4 Ne5 20. h5 Rac8 21. axb5 axb5 22.
h6 Bf6 23. b3 Nc6 24. Bd1 Ra8 25. Bc7 Be5 26. Rxa8 Bxa8 27. Bxb6 Bxg3 28. fxg3
Ne5 29. Be2 Nd7 30. Bc7 Bc6 31. Ra1 f6 32. Ra6 Bb7 33. Ra7 Bc6 34. Bg4 f5 35.
Bf3 Nf6 36. Ra6 fxe4 37. Rxc6 exf3 38. Rxf6 1-0

[Event "PRO League Group Stage"]
[Site "chess.com INT"]
[Date "2019.01.23"]
[Round "3"]
[White "Haria, Ravi"]
[Black "Escalante Ramirez, Brian Sebasti"]
[Result "1-0"]
[WhiteTitle "IM"]
[BlackTitle "IM"]
[WhiteElo "2450"]
[BlackElo "2446"]
[WhiteTeam "London Lions"]
[BlackTeam "Webster Windmills"]
[WhiteFideId "415820"]
[BlackFideId "3819566"]
[EventDate "2019.01.08"]

1. Nf3 Nf6 2. g3 g6 3. b3 Bg7 4. Bb2 d6 5. d4 O-O 6. Bg2 a5 7. a4 c6 8. O-O Bf5
9. Nbd2 Qd7 10. Nh4 Bh3 11. e4 Na6 12. Qe2 Bxg2 13. Kxg2 Rfe8 14. Nc4 Qc7 15. e5
dxe5 16. dxe5 Nd5 17. Rfe1 Nc5 18. Ne3 Rac8 19. Rad1 Ne6 20. Qf3 Red8 21. Ng4 h5
22. Ne3 Bh6 23. Nf1 Qd7 24. Kh1 Ng5 25. e6 Qxe6 26. Qd3 Qh3 27. Nxg6 Bg7 28. c4
Bxb2 29. cxd5 fxg6 30. Qxg6+ Kf8 31. Qxg5 Bf6 32. Qh6+ Kf7 33. Qh7+ Kf8 34. Ne3
cxd5 35. Nxd5 Qg4 36. Nxf6 Qf3+ 37. Kg1 Qxf6 38. Qxh5 Rxd1 39. Rxd1 Kg7 40. Qxa5
Rc2 41. Rf1 Rb2 42. Qd5 e6 43. Qxb7+ Kh6 44. a5 Ra2 45. a6 Qb2 46. a7 Qa3 47.
a8=Q Qxa8 48. Qxa8 Rxa8 49. b4 Rb8 50. Rb1 Rb5 51. Kg2 Kg5 52. h4+ Kf5 53. Kf3
e5 54. g4+ Ke6 55. Ke4 Rb8 56. b5 Rf8 57. f3 Rf4+ 58. Ke3 Ra4 59. b6 1-0

[Event "PRO League Group Stage"]
[Site "chess.com INT"]
[Date "2019.01.23"]
[Round "3"]
[White "Harvey, Marcus R"]
[Black "Polgar-Shutzman, Tom"]
[Result "0-1"]
[WhiteTitle "FM"]
[WhiteElo "2397"]
[BlackElo "2181"]
[WhiteTeam "London Lions"]
[BlackTeam "Webster Windmills"]
[WhiteFideId "400092"]
[BlackFideId "2064880"]
[EventDate "2019.01.08"]

1. Nf3 Nf6 2. b3 g6 3. Bb2 Bg7 4. e3 O-O 5. Be2 b6 6. O-O Bb7 7. c4 d6 8. d4 e6
9. Nc3 Nbd7 10. Qc2 c5 11. Rfd1 Qe7 12. d5 exd5 13. cxd5 a6 14. a4 Rfe8 15. Bc4
Ne4 16. Nd2 Nxc3 17. Bxc3 Bxc3 18. Qxc3 Qe5 19. Qxe5 Nxe5 20. Ne4 Red8 21. f4
Ng4 22. Rd3 Kg7 23. h3 Nf6 24. Nxf6 Kxf6 25. e4 Re8 26. Re1 Rad8 27. Rde3 Kg7
28. Kf2 Re7 29. Ke2 Rde8 30. Kd2 f6 31. Kc3 h6 32. e5 fxe5 33. fxe5 Rxe5 34.
Rxe5 Rxe5 35. Rxe5 dxe5 36. d6 Kf6 37. g3 Bc6 38. a5 b5 39. Bg8 e4 40. b4 cxb4+
41. Kd4 e3 42. Kxe3 Ke5 43. Bh7 g5 44. Kd3 Kxd6 45. Bf5 Bb7 46. Kd4 b3 47. Kc3
Kc5 48. Kxb3 b4 49. Bd7 Bd5+ 50. Ka4 Bc6+ 51. Bxc6 Kxc6 52. Kxb4 Kd5 53. h4 g4
54. h5 Kd4 55. Kb3 Kc5 56. Kc3 Kb5 57. Kd4 Kxa5 58. Ke5 Kb4 59. Kf6 a5 60. Kg6
a4 61. Kxh6 a3 62. Kg7 a2 63. h6 a1=Q+ 64. Kg8 Qa8+ 65. Kg7 Qb7+ 66. Kg8 Qb8+
67. Kg7 Qxg3 0-1

[Event "PRO League Group Stage"]
[Site "chess.com INT"]
[Date "2019.01.23"]
[Round "3"]
[White "Gao, Rui"]
[Black "Moranda, Wojciech"]
[Result "0-1"]
[WhiteTitle "GM"]
[BlackTitle "GM"]
[WhiteElo "2543"]
[BlackElo "2593"]
[WhiteTeam "Miami Champions"]
[BlackTeam "New York Marshalls"]
[WhiteFideId "8602387"]
[BlackFideId "1122401"]
[EventDate "2019.01.08"]

1. e4 c5 2. Nf3 d6 3. d4 cxd4 4. Nxd4 Nf6 5. Nc3 a6 6. Bg5 e6 7. f4 Be7 8. Qf3
h6 9. Bh4 Qc7 10. O-O-O Nbd7 11. Bd3 g5 12. fxg5 Ne5 13. Qe2 Nfg4 14. Kb1 hxg5
15. Bg3 Bd7 16. Qd2 b5 17. Nf3 Nxf3 18. gxf3 Ne5 19. Rhf1 Rh7 20. f4 gxf4 21.
Bxf4 Qc5 22. Be3 Qc7 23. Bg5 Qd8 24. Bxe7 Qxe7 25. Qg2 Rh8 26. Ne2 Qh4 27. Qg1
Qxh2 28. Qd4 Nc6 29. Qb6 Qe5 30. Rf3 Qc5 31. Qxc5 dxc5 32. Nf4 Ke7 33. Rf2 Rag8
34. Rdf1 Ne5 35. Be2 c4 36. b3 Bc6 37. Nh5 Rg5 38. Nf6 Rh4 39. Kb2 Bxe4 40. Nxe4
Rxe4 41. bxc4 bxc4 42. Bd1 Rg3 43. Rh2 c3+ 44. Kc1 Rb4 45. Rhf2 Rg8 46. a3 Rb2
47. Be2 Rgb8 0-1

[Event "PRO League Group Stage"]
[Site "chess.com INT"]
[Date "2019.01.22"]
[Round "3"]
[White "Iturrizaga Bonelli, Eduardo"]
[Black "Azarov, Sergei"]
[Result "1-0"]
[WhiteTitle "GM"]
[BlackTitle "GM"]
[WhiteElo "2637"]
[BlackElo "2575"]
[WhiteTeam "Miami Champions"]
[BlackTeam "New York Marshalls"]
[WhiteFideId "3901211"]
[BlackFideId "13501470"]
[EventDate "2019.01.08"]

1. Nf3 Nf6 2. c4 e6 3. g3 d5 4. d4 Bb4+ 5. Bd2 Bd6 6. Qc2 c6 7. Nc3 Nbd7 8. e4
dxe4 9. Nxe4 Nxe4 10. Qxe4 Nf6 11. Qe2 O-O 12. Bg2 b6 13. Ne5 Bb7 14. Bxc6 Bxc6
15. Nxc6 Qc7 16. Ne5 Rac8 17. b3 Bxe5 18. dxe5 Qc6 19. O-O Ne4 20. Be3 Rfd8 21.
Rfd1 Rxd1+ 22. Qxd1 b5 23. cxb5 Qxb5 24. Rc1 Qb7 25. f3 Re8 26. fxe4 Qxe4 27.
Qd4 1-0

[Event "PRO League Group Stage"]
[Site "chess.com INT"]
[Date "2019.01.22"]
[Round "3"]
[White "Bykhovsky, Anatoly"]
[Black "Gulamali, Kazim"]
[Result "1-0"]
[WhiteTitle "GM"]
[BlackTitle "FM"]
[WhiteElo "2496"]
[BlackElo "2308"]
[WhiteTeam "New York Marshalls"]
[BlackTeam "Miami Champions"]
[WhiteFideId "2806991"]
[BlackFideId "2024764"]
[EventDate "2019.01.08"]

1. d4 Nf6 2. Nf3 g6 3. c4 Bg7 4. Nc3 O-O 5. e4 d6 6. Be2 c5 7. d5 e5 8. O-O Nbd7
9. Ne1 Ne8 10. Be3 f5 11. f3 Ndf6 12. a3 f4 13. Bf2 g5 14. b4 b6 15. Rb1 h5 16.
h3 Rf7 17. Nd3 Bf8 18. bxc5 bxc5 19. Bxc5 dxc5 20. Nxe5 Rg7 21. Nc6 Qd7 22. e5
g4 23. fxg4 hxg4 24. hxg4 Nxd5 25. cxd5 c4 26. Ne4 Ba6 27. Rxf4 Rc8 28. Qf1 Bxa3
29. Bxc4 1-0

[Event "PRO League Group Stage"]
[Site "chess.com INT"]
[Date "2019.01.22"]
[Round "3"]
[White "Jacobson, Aaron"]
[Black "Katz, Alexander"]
[Result "0-1"]
[WhiteTitle "FM"]
[BlackTitle "IM"]
[WhiteElo "2286"]
[BlackElo "2433"]
[WhiteTeam "New York Marshalls"]
[BlackTeam "Miami Champions"]
[WhiteFideId "2089912"]
[BlackFideId "2039796"]
[EventDate "2019.01.08"]

1. e4 e5 2. Nf3 d6 3. d4 exd4 4. Nxd4 Nf6 5. Nc3 Be7 6. Bf4 O-O 7. Qd2 Re8 8.
O-O-O Nc6 9. f3 Nxd4 10. Qxd4 Be6 11. g4 Nd7 12. h4 a6 13. g5 b5 14. Bh3 Nb6 15.
Kb1 c5 16. Qf2 b4 17. Nd5 Bxd5 18. exd5 a5 19. Bf1 Qd7 20. h5 a4 21. g6 Bf6 22.
Bh3 Qb5 23. gxf7+ Kxf7 24. Be6+ Rxe6 25. dxe6+ Kg8 26. Bxd6 b3 27. cxb3 axb3 28.
a3 Nc4 29. Qxc5 Nxa3+ 30. Qxa3 Qf5+ 31. Ka1 Bxb2+ 32. Kxb2 Qc2+ 33. Ka1 Rxa3+
34. Bxa3 Qa2# 0-1